000 00456cam a2200157 4500
001 7032
005 20250620115016.0
008 250620b |||||||| |||| 00| 0 eng d
010 _a2003059687
020 _a9786162151453
022 _a9786162151453
245 1 0 _aMirroring Power:
_bethnogenesis and integration among the phunoy of Northern Laos.
260 _aBoston :
_bSilkworms Books
_c2018
300 _ax 277,p. :
_bill. ;
_c24 cm
942 _2ddc
_cMAIN
999 _c10408
_d10409